| 000 | 01687cgm a22003857a 4500 | ||
|---|---|---|---|
| 005 | 20140310154352.0 | ||
| 007 | vd cgaizm | ||
| 008 | 140310t2012 xxu186 e |||| 0| vleng d | ||
| 020 | _a5039036053631 | ||
| 082 | 0 | 4 |
_222 _a791.4372 _bTIT |
| 245 | 0 | 0 |
_aTitanic _h[videorecording] / _cTwentieth Century Fox and Paramount Pictures ; a LightStream Entertainment production ; produced by James Cameron and Jon Landau ; written and directed by James Cameron. |
| 260 |
_a[Los Angeles, United States] : _bTwentieth Century Fox Home Entertainment, _cc.2012. |
||
| 300 |
_a2 videodiscs (186 min.) : _bsd., col. ; _c4 3/4 in. |
||
| 508 | _aDirector of photography Russell Carpenter ; editors Conrad Buff, James Cameron, Richard A. Harris ; music James Horner. | ||
| 511 | _aLeonardo DiCaprio, Kate Winslet, Billy Zane. | ||
| 521 | _aSuitable only for persons of 12 years and over. | ||
| 586 | _aWinner of 11 academy awards including best picture. | ||
| 610 | 2 |
_aTitanic (Steamship) _935456 |
|
| 650 | 0 |
_925065 _aMan-woman relationships _vDrama |
|
| 653 |
_bGGEN _cMarch2014 |
||
| 700 | 1 |
_935271 _aDiCaprio, Leonardo, _d1974- |
|
| 700 | 1 |
_aWinslet, Kate, _935466 |
|
| 700 | 1 |
_aZane, Billy, _935467 |
|
| 700 | 1 |
_aHorner, James, _935468 |
|
| 700 | 1 |
_aHarris, Richard A., _d1930- _935469 |
|
| 700 | 1 |
_aCameron, James, _935470 |
|
| 700 | 1 |
_aBuff, Conrad, _935471 |
|
| 700 | 1 |
_aCarpenter, Russell, _935472 |
|
| 700 | 1 |
_aCameron, James, _935473 |
|
| 700 | 1 |
_aLandau, Jon, _935474 |
|
| 710 | 2 |
_aLightStream Entertainment _935475 |
|
| 710 | 2 |
_935269 _a Paramount Pictures Corporation (1914-1927) |
|
| 710 | 2 |
_925600 _aTwentieth Century-Fox Film Corporation |
|
| 942 |
_2ddc _cDVD _k791.4372 TIT |
||
| 999 |
_c18098 _d18070 |
||